|
|
|
|
| LEADER |
01111nam a2200265 a 4500 |
| 001 |
15931752 |
| 008 |
110514s20112010mauab b 001 0 eng |
| 010 |
|
|
|a 2009041839
|
| 020 |
|
|
|a 9788120341296
|
| 020 |
|
|
|a 9780321598707
|
| 020 |
|
|
|a 0321598709
|
| 040 |
|
|
|a DLC
|c DLC
|d YDX
|d YDXCP
|d BTCTA
|d DLC
|d BD-DhAAL
|
| 082 |
0 |
0 |
|a 363.7
|2 22
|
| 100 |
1 |
|
|a Wright, Richard T.,
|d 1933-
|
| 245 |
1 |
0 |
|a Environmental science :
|b toward a sustainable future /
|c Richard T. Wright, Dorothy O. Boorse.
|
| 250 |
|
|
|a 11th ed.
|
| 260 |
|
|
|a Boston :
|b Benjamin Cummings ;
|n ew Delhi :
|b PHI Learning Pvt. Ltd.,
|c c2011 [reprinted 2010].
|
| 300 |
|
|
|a xxii, 674 p. :
|b ill. (chiefly col.), maps (chiefly col.) ;
|c 28 cm.
|
| 504 |
|
|
|a Includes bibliographical references and index.
|
| 541 |
|
|
|e 00022559
|
| 650 |
|
0 |
|a Environmental sciences
|
| 700 |
1 |
|
|a Boorse, Dorothy.
|
| 852 |
1 |
|
|a Ayesha Abed Library
|c General Shelf.
|
| 999 |
|
|
|c 10816
|d 10816
|
| 952 |
|
|
|0 0
|1 0
|2 ddc
|4 0
|6 363_700000000000000_WRI
|7 0
|9 16360
|a BRACUL
|b BRACUL
|c GEN
|d 2011-05-14
|e IDEAL LIBRARY LTD.
|g 919.00
|l 13
|m 59
|o 363.7 WRI
|p 3010022559
|r 2019-02-03
|s 2019-01-27
|t 1
|w 2011-05-14
|y BK
|